Marketing. (Record no. 88800)

MARC details
000 -LEADER
fixed length control field 00581cam a22002411i 4500
001 - CONTROL NUMBER
control field sa 68019064
003 - CONTROL NUMBER IDENTIFIER
control field DLC
005 - DATE AND TIME OF LATEST TRANSACTION
control field 20260227112716.0
008 - FIXED-LENGTH DATA ELEMENTS--GENERAL INFORMATION
fixed length control field 830707s1959 io 000 0 ind
010 ## - LIBRARY OF CONGRESS CONTROL NUMBER
LC control number sa 68019064
035 ## - SYSTEM CONTROL NUMBER
System control number (OCoLC)9675850
040 ## - CATALOGING SOURCE
Original cataloging agency DLC
Transcribing agency OAU
Modifying agency DLC
042 ## - AUTHENTICATION CODE
Authentication code premarc
050 00 - LIBRARY OF CONGRESS CALL NUMBER
Classification number HF5415
Item number .T33 1959
100 1# - MAIN ENTRY--PERSONAL NAME
Personal name Tan, Kiat Djwee.
245 10 - TITLE STATEMENT
Title Marketing.
250 ## - EDITION STATEMENT
Edition statement Edisi 1.
260 ## - PUBLICATION, DISTRIBUTION, ETC.
Place of publication, distribution, etc. [Djakarta] :
Name of publisher, distributor, etc. Academica,
Date of publication, distribution, etc. [1959?]
300 ## - PHYSICAL DESCRIPTION
Extent 127 p. ;
Dimensions 27 cm.
500 ## - GENERAL NOTE
General note Cover title.
500 ## - GENERAL NOTE
General note In Indonesian.
650 #0 - SUBJECT ADDED ENTRY--TOPICAL TERM
Topical term or geographic name entry element Marketing.

No items available.

Powered by Koha